| 000 | 00937nam a2200277 i 4500 | ||
|---|---|---|---|
| 001 | bg | ||
| 100 | 1 | _aCOAR, Ken A. L. | |
| 245 | 1 | 0 |
_aApache : _breceptury / _cKen Coar, Rich Bowen ; [tł. Witold Zioło]. |
| 246 |
_iTyt. oryg.: _aApache cookbook |
||
| 260 |
_aGliwice : _b"Helion", _ccop. 2004. |
||
| 300 |
_a276, [4] s. ; _c24 cm. |
||
| 500 | _aTyt. oryg.: "Apache cookbook" 2004. Na okł. podtyt.: praktyczne rozwiązania dla administratorów najpopularniejszego serwera www. | ||
| 504 | _aIndeks. | ||
| 650 | 9 | _aApache (informat.) | |
| 655 | _aPodręczniki | ||
| 700 | 1 |
_aBOWEN, Richard Cooper _d(1971- ) |
|
| 700 | 1 |
_aZIOŁO, Witold. _eTł. |
|
| 020 | _a8373614168 | ||
| 040 | _cBPK | ||
| 041 | 1 |
_apol _heng |
|
| 080 | _a004.42:004.738.52](07) | ||
| 920 | _a83-7361-416-8 | ||
| 942 | _cKS | ||
| 008 | s pl f |000 0 pol | ||
| 999 |
_c44684 _d44684 |
||
| 856 |
_uhttp://koha.tu.koszalin.pl/cgi-bin/koha/opac-detail.pl?biblionumber=44684 _yKatalog online BPK |
||